Cómo se prepara un plan de marketing / (Record no. 148246)

MARC details
000 -LEADER
campo de control de longitud fija 00520nam a2200169 4500
001 - NÚMERO DE CONTROL
campo de control 148246
003 - IDENTIFICADOR DE NÚMERO DE CONTROL
campo de control ES-MaACL
005 - FECHA Y HORA DE LA ÚLTIMA TRANSACCIÓN
campo de control 20230906202520.0
007 - CAMPO FIJO DE DESCRIPCIÓN FÍSICA--INFORMACIÓN GENERAL
campo de control de longitud fija t|
008 - DATOS DE LONGITUD FIJA--INFORMACIÓN GENERAL
campo de control de longitud fija 070214s1973 sp r ||||1| spa d
100 1# - ENTRADA PRINCIPAL--NOMBRE DE PERSONA
Nombre de persona Stapleton, John.
9 (RLIN) 107921
245 10 - MENCIÓN DEL TÍTULO
Título Cómo se prepara un plan de marketing /
Mención de responsabilidad, etc. John Stapleton ; traducción de José María Clivilles.
260 ## - PUBLICACIÓN, DISTRIBUCIÓN, ETC.
Lugar de publicación, distribución, etc. Salamanca :
Nombre del editor, distribuidor, etc. Anaya,
Fecha de publicación, distribución, etc. 1973.
300 ## - DESCRIPCIÓN FÍSICA
Extensión 171 p. ;
Dimensiones 24 cm.
700 1# - ENTRADA AGREGADA--NOMBRE PERSONAL
Nombre de persona Clivilles, José María.
9 (RLIN) 39272
852 ## - LOCALIZACIÓN
Ubicación ES-MaACL
Número de control de estantería C-51993
Sublocalización o colección R.85624
Holdings
Estatus retirado Estado de pérdida Estado de daño No para préstamo Biblioteca de origen Biblioteca actual Ubicación en estantería Fecha de adquisición Fuente de adquisición Total de préstamos Signatura topográfica completa Código de barras Visto por última vez Precio de reemplazo Tipo de ítem Koha
        Biblioteca del Ateneo de Madrid Biblioteca del Ateneo de Madrid Depósito 2 17/01/2008     C-51993 1154708 23/02/2023 23/02/2023 Libro impreso